[Event "London CC-ch B"]
[Site "London CAN"]
[Date "2009.03.26"]
[Round "2"]
[White "Armstrong, Donnelle"]
[Black "Merrick, Lee"]
[Result "1-0"]
[WhiteElo "1528"]
[BlackElo "1492"]
[PlyCount "89"]
[GameId "2160767910231426"]
[EventDate "2009.03.19"]
[EventType "swiss"]
[EventRounds "13"]
[EventCountry "CAN"]
[SourceTitle "EXT 2022"]
[Source "ChessBase"]
[SourceDate "2021.10.06"]
[SourceVersion "1"]
[SourceVersionDate "2021.10.06"]
[SourceQuality "1"]

1. e4 c6 2. d4 d5 3. Nc3 dxe4 4. Nxe4 Bf5 5. Ng3 Bg6 6. Bc4 e6 7. Nf3 h6 8. O-O Nd7 9. Bf4 Ngf6 10. Re1 Nb6 11. Bf1 Nbd5 12. Bd2 Bd6 13. c4 Ne7 14. Bc3 Bxg3 15. fxg3 Ne4 16. Bb4 O-O 17. Bd3 Nd6 18. Ne5 Bxd3 19. Qxd3 Re8 20. Qf3 Ndf5 21. Bc3 Rf8 22. Rad1 Qc7 23. Re4 Rad8 24. g4 Nh4 25. Qg3 Nhg6 26. Nxg6 Qxg3 27. Nxe7+ Kh7 28. hxg3 Rfe8 29. Nf5 exf5 30. Rxe8 Rxe8 31. gxf5 h5 32. Re1 Rxe1+ 33. Bxe1 Kh6 34. Bd2+ Kh7 35. Kf2 Kg8 36. Kf3 Kf8 37. Kf4 f6 38. g4 hxg4 39. Kxg4 Kf7 40. Kh5 a6 41. b4 b5 42. c5 Kg8 43. Kg6 Kf8 44. Kh7 Kf7 45. Bf4 1-0

[Event "London CC-ch B"]
[Site "London CAN"]
[Date "2009.03.26"]
[Round "2"]
[White "Dandridge, Tony"]
[Black "Miettinen, Eric"]
[Result "0-1"]
[WhiteElo "1226"]
[BlackElo "1749"]
[PlyCount "60"]
[GameId "2160767910231427"]
[EventDate "2009.03.19"]
[EventType "swiss"]
[EventRounds "13"]
[EventCountry "CAN"]
[SourceTitle "EXT 2022"]
[Source "ChessBase"]
[SourceDate "2021.10.06"]
[SourceVersion "1"]
[SourceVersionDate "2021.10.06"]
[SourceQuality "1"]

1. e4 e6 2. d4 d5 3. Nf3 dxe4 4. Ng5 Nf6 5. a3 Be7 6. Nc3 Nc6 7. Bb5 Bd7 8. Be3 Nd5 9. Ngxe4 Nxe3 10. fxe3 Bh4+ 11. g3 Be7 12. Qf3 a6 13. Ba4 b5 14. Bb3 Na5 15. Ba2 c5 16. dxc5 O-O 17. b4 Nc4 18. Bxc4 bxc4 19. h4 Bc6 20. Rd1 Qc7 21. g4 f5 22. gxf5 exf5 23. Ke2 Bxe4 24. Nxe4 fxe4 25. Qxe4 Rae8 26. Rhg1 Kh8 27. h5 Bxc5 28. Rdf1 Rxe4 29. bxc5 Rxf1 30. Rxf1 Kg8 0-1

[Event "London CC-ch B"]
[Site "London CAN"]
[Date "2009.03.26"]
[Round "2"]
[White "Glew, Richard"]
[Black "Mitchell, Joe"]
[Result "1-0"]
[WhiteElo "1738"]
[BlackElo "1406"]
[PlyCount "83"]
[GameId "2160767910231429"]
[EventDate "2009.03.19"]
[EventType "swiss"]
[EventRounds "13"]
[EventCountry "CAN"]
[SourceTitle "EXT 2022"]
[Source "ChessBase"]
[SourceDate "2021.10.06"]
[SourceVersion "1"]
[SourceVersionDate "2021.10.06"]
[SourceQuality "1"]

1. e4 d5 2. exd5 Nf6 3. d4 g6 4. b3 Bg7 5. Bb2 O-O 6. c4 Re8 7. Nf3 Bg4 8. Nbd2 c6 9. dxc6 Nxc6 10. Be2 Qa5 11. O-O e6 12. h3 Bxf3 13. Nxf3 Red8 14. Qc2 Rac8 15. a3 Qc7 16. Rfd1 Ne7 17. Ne5 Nc6 18. Nxc6 Qxc6 19. Bf3 Qb6 20. c5 Qc7 21. b4 Nd5 22. Qe4 b6 23. Rac1 bxc5 24. Rxc5 Qb6 25. Rdc1 Rb8 26. Qh4 Qd6 27. Bxd5 exd5 28. Rc7 a5 29. R1c6 Qf8 30. Bc3 Qe8 31. Rc5 axb4 32. axb4 Bf8 33. Ra5 Bxb4 34. Bxb4 Rxb4 35. Raa7 Rb1+ 36. Kh2 Re1 37. Rxf7 h5 38. Rg7+ Kh8 39. Rh7+ Kg8 40. Rag7+ Kf8 41. Qf6+ Qf7 42. Qxf7# 1-0

[Event "London CC-ch B"]
[Site "London CAN"]
[Date "2009.03.26"]
[Round "2"]
[White "Killi, Steve"]
[Black "Ortiz, Hugo"]
[Result "0-1"]
[WhiteElo "1238"]
[BlackElo "1550"]
[PlyCount "78"]
[GameId "2160767910231432"]
[EventDate "2009.03.19"]
[EventType "swiss"]
[EventRounds "13"]
[EventCountry "CAN"]
[SourceTitle "EXT 2022"]
[Source "ChessBase"]
[SourceDate "2021.10.06"]
[SourceVersion "1"]
[SourceVersionDate "2021.10.06"]
[SourceQuality "1"]

1. d4 Nf6 2. c4 e6 3. a3 d5 4. c5 Nbd7 5. Bg5 e5 6. e3 exd4 7. exd4 Be7 8. Bd3 Ne4 9. Bf4 Nef6 10. Nf3 O-O 11. O-O Re8 12. Re1 Bf8 13. Nc3 b6 14. b4 Rxe1+ 15. Qxe1 Nb8 16. Ra2 Bg4 17. Be2 Ne4 18. Ne5 Nxc3 19. Qxc3 Be6 20. Qg3 Nd7 21. Bg4 Bxg4 22. Qxg4 Nf6 23. Qh3 Qc8 24. Qe3 Qf5 25. Re2 Re8 26. f3 Nh5 27. g4 Qxf4 28. gxh5 Qf5 29. Rg2 f6 30. f4 fxe5 31. fxe5 Qxh5 32. Rg5 Qh6 33. Qg3 Re6 34. h4 Rg6 35. Qg4 Rxg5 36. hxg5 Qg6 37. Qf4 h6 38. Qg4 Qxg5 39. Qxg5 hxg5 0-1

[Event "London CC-ch B"]
[Site "London CAN"]
[Date "2009.03.26"]
[Round "2"]
[White "Morgan, Bryan"]
[Black "Zolotovski, Vassili"]
[Result "1/2-1/2"]
[WhiteElo "1562"]
[BlackElo "1337"]
[PlyCount "118"]
[GameId "2160767910231433"]
[EventDate "2009.03.19"]
[EventType "swiss"]
[EventRounds "13"]
[EventCountry "CAN"]
[SourceTitle "EXT 2022"]
[Source "ChessBase"]
[SourceDate "2021.10.06"]
[SourceVersion "1"]
[SourceVersionDate "2021.10.06"]
[SourceQuality "1"]

1. e4 e5 2. Nf3 d6 3. Bc4 Bg4 4. Nc3 c6 5. d3 h6 6. h3 Bh5 7. Be3 a5 8. a3 Nf6 9. d4 Nbd7 10. d5 c5 11. Bb5 Be7 12. Qd2 Bg6 13. Bd3 Nb6 14. b4 Nfd7 15. O-O Bh7 16. Qe2 g5 17. Nd2 Bg6 18. Nc4 Nxc4 19. Bxc4 h5 20. f3 Bf6 21. Rab1 b6 22. Nb5 Be7 23. Bd3 f6 24. c4 Kf7 25. a4 Qc8 26. Rf2 Nb8 27. Rbf1 Na6 28. Bd2 Qd7 29. Qd1 Nxb4 30. Bxb4 axb4 31. Qd2 Rh7 32. Ra1 f5 33. Qe2 f4 34. Qd1 Kf6 35. Rfa2 Bd8 36. Qe2 Ke7 37. Qf2 Be8 38. Kf1 Qc8 39. Qe2 Bd7 40. Kg1 g4 41. fxg4 hxg4 42. hxg4 Bxg4 43. Qf2 Kd7 44. Be2 Bxe2 45. Qxe2 Ke7 46. Qf3 Rg7 47. Qh5 Qg4 48. Qxg4 Rxg4 49. Rf2 Rg3 50. Rf3 Rxf3 51. gxf3 Kd7 52. Ra2 Bh4 53. Rg2 Bg3 54. Kf1 Rh8 55. Kg1 Rh6 56. Na7 Kc7 57. Nc6 Rh7 58. Na7 Rh8 59. Nc6 Rh7 1/2-1/2

[Event "London CC-ch B"]
[Site "London CAN"]
[Date "2009.03.26"]
[Round "2"]
[White "Wong, Ming Jing"]
[Black "Dutton, Don"]
[Result "1-0"]
[WhiteElo "1692"]
[BlackElo "852"]
[PlyCount "55"]
[GameId "2160767910231435"]
[EventDate "2009.03.19"]
[EventType "swiss"]
[EventRounds "13"]
[EventCountry "CAN"]
[SourceTitle "EXT 2022"]
[Source "ChessBase"]
[SourceDate "2021.10.06"]
[SourceVersion "1"]
[SourceVersionDate "2021.10.06"]
[SourceQuality "1"]

1. Nf3 e6 2. g3 Nf6 3. Bg2 Be7 4. O-O Nc6 5. c4 O-O 6. Nc3 b6 7. d4 Ba6 8. d5 Nb8 9. dxe6 fxe6 10. Bf4 Ne8 11. Qd2 Nc6 12. Ne4 Nb4 13. Qc1 Bb7 14. Nfg5 Nc6 15. Rd1 e5 16. Be3 h6 17. Ne6 Qc8 18. Nxf8 Bxf8 19. c5 b5 20. Nc3 Ba6 21. Bd5+ Kh8 22. Qc2 Rb8 23. Qf5 Ne7 24. Qxf8+ Kh7 25. Qxe7 c6 26. Be4+ Kg8 27. Rxd7 Rb7 28. Qf7+ 1-0

[Event "London CC-ch B"]
[Site "London CAN"]
[Date "2009.04.02"]
[Round "3"]
[White "Bennett MacDonald, Joshua"]
[Black "Fang, Tina"]
[Result "0-1"]
[WhiteElo "1128"]
[BlackElo "1378"]
[PlyCount "78"]
[GameId "2160767910231437"]
[EventDate "2009.03.19"]
[EventType "swiss"]
[EventRounds "13"]
[EventCountry "CAN"]
[SourceTitle "EXT 2022"]
[Source "ChessBase"]
[SourceDate "2021.10.06"]
[SourceVersion "1"]
[SourceVersionDate "2021.10.06"]
[SourceQuality "1"]

1. e4 c5 2. Nf3 Nc6 3. d4 cxd4 4. Nxd4 Nf6 5. Nc3 e6 6. Be3 Bb4 7. a3 Bxc3+ 8. bxc3 Nxe4 9. Nxc6 bxc6 10. Bd4 O-O 11. Bd3 Nf6 12. Qd2 e5 13. Bxe5 Re8 14. Qe3 Ng4 15. Bc7 Nxe3 16. Bxd8 Nxc2+ 17. Kd2 Nxa1 18. Bf6 Nb3+ 19. Kc2 Nc5 20. Bd4 Nxd3 21. Kxd3 Ba6+ 22. c4 d5 23. Rc1 Bxc4+ 24. Rxc4 dxc4+ 25. Kxc4 Re4 26. g3 Rd8 27. Kc5 Rdxd4 28. Kxc6 Ra4 29. f4 Rxa3 30. Kb7 a5 31. Kb6 Rb4+ 32. Kc5 Rc3+ 33. Kd5 a4 34. f5 a3 35. f6 a2 36. g4 a1=Q 37. h3 Qa5+ 38. Kd6 Qc7+ 39. Kd5 Qc5# 0-1

[Event "London CC-ch B"]
[Site "London CAN"]
[Date "2009.04.02"]
[Round "3"]
[White "Merrick, Lee"]
[Black "Zhou, Young"]
[Result "1-0"]
[WhiteElo "1492"]
[BlackElo "1145"]
[PlyCount "63"]
[GameId "2160767910231442"]
[EventDate "2009.03.19"]
[EventType "swiss"]
[EventRounds "13"]
[EventCountry "CAN"]
[SourceTitle "EXT 2022"]
[Source "ChessBase"]
[SourceDate "2021.10.06"]
[SourceVersion "1"]
[SourceVersionDate "2021.10.06"]
[SourceQuality "1"]

1. d4 d5 2. c4 Bf5 3. cxd5 Bxb1 4. Rxb1 Qxd5 5. a3 Nc6 6. Nf3 Rd8 7. e3 e5 8. Qa4 exd4 9. exd4 Qe4+ 10. Be2 Qxb1 11. O-O Be7 12. Bc4 Qf5 13. Ne5 Rxd4 14. Nxc6 bxc6 15. Bxf7+ Kxf7 16. Qxd4 a5 17. Qc4+ Kg6 18. Qxc6+ Bd6 19. Qe8+ Kf6 20. Re1 h5 21. Re3 g5 22. Rf3 Bf4 23. Qf8+ Kg6 24. Qxf5+ Kxf5 25. g3 h4 26. gxf4 gxf4 27. Bxf4 Ke4 28. Kg2 c5 29. Bd2 Ne7 30. Re3+ Kd4 31. Rxe7 a4 32. Bc3+ 1-0

[Event "London CC-ch B"]
[Site "London CAN"]
[Date "2009.04.02"]
[Round "3"]
[White "Mitchell, Joe"]
[Black "Killi, Steve"]
[Result "0-1"]
[WhiteElo "1406"]
[BlackElo "1238"]
[PlyCount "92"]
[GameId "2160767910231443"]
[EventDate "2009.03.19"]
[EventType "swiss"]
[EventRounds "13"]
[EventCountry "CAN"]
[SourceTitle "EXT 2022"]
[Source "ChessBase"]
[SourceDate "2021.10.06"]
[SourceVersion "1"]
[SourceVersionDate "2021.10.06"]
[SourceQuality "1"]

1. Nf3 Nf6 2. g3 d5 3. c4 c6 4. Bg2 Bf5 5. O-O h6 6. Nc3 e6 7. cxd5 cxd5 8. Qa4+ Nbd7 9. b4 Qb6 10. a3 Be7 11. Ne5 Qc7 12. Nxd7 Nxd7 13. Bb2 Bf6 14. Rac1 Qd8 15. Ba1 O-O 16. d3 a6 17. e4 dxe4 18. dxe4 Bh7 19. Rfd1 b5 20. Qc2 Rc8 21. Qd2 Rc7 22. Qd6 Qc8 23. Rd3 Rd8 24. Rcd1 Bxc3 25. Bxc3 Rxc3 26. Rxc3 Qxc3 27. Qxa6 Qc2 28. Rxd7 Qc1+ 29. Bf1 Qc8 30. Qxc8 Rxc8 31. f3 g5 32. Rb7 Rc3 33. Ra7 Rxf3 34. Bxb5 Bxe4 35. Be2 Rc3 36. Bh5 Rc1+ 37. Kf2 Rc2+ 38. Kg1 Rg2+ 39. Kf1 Rxh2 40. Bxf7+ Kf8 41. Bxe6 Rd2 42. b5 Bd3+ 43. Ke1 Re2+ 44. Kd1 Rxe6 45. a4 Rd6 46. Rb7 Bxb5+ 0-1

[Event "London CC-ch B"]
[Site "London CAN"]
[Date "2009.04.02"]
[Round "3"]
[White "Ortiz, Hugo"]
[Black "Glew, Richard"]
[Result "0-1"]
[WhiteElo "1550"]
[BlackElo "1738"]
[PlyCount "66"]
[GameId "2160767910231444"]
[EventDate "2009.03.19"]
[EventType "swiss"]
[EventRounds "13"]
[EventCountry "CAN"]
[SourceTitle "EXT 2022"]
[Source "ChessBase"]
[SourceDate "2021.10.06"]
[SourceVersion "1"]
[SourceVersionDate "2021.10.06"]
[SourceQuality "1"]

1. d4 d5 2. Nf3 Nf6 3. Bg5 h6 4. Bh4 Nbd7 5. Nbd2 e6 6. e3 c5 7. c3 Be7 8. Bd3 b6 9. O-O Bb7 10. Re1 Ne4 11. Bxe7 Qxe7 12. Qc2 f5 13. Bb5 O-O 14. Bxd7 Qxd7 15. Ne5 Qc7 16. f4 g5 17. Nxe4 dxe4 18. Qf2 Qg7 19. Kh1 Rac8 20. dxc5 Rxc5 21. Red1 Rxe5 22. fxe5 f4 23. c4 Qxe5 24. Rd2 Qc5 25. Rc2 fxe3 26. Qe1 Rf2 27. b4 Qf5 28. Rxf2 Qxf2 29. a3 b5 30. cxb5 Bd5 31. Qxf2 exf2 32. h3 e3 33. Rc1 e2 0-1

[Event "London CC-ch B"]
[Site "London CAN"]
[Date "2009.04.02"]
[Round "3"]
[White "Zolotovski, Vassili"]
[Black "Hong, Emilio"]
[Result "0-1"]
[WhiteElo "1337"]
[BlackElo "1486"]
[PlyCount "52"]
[GameId "2160767910231447"]
[EventDate "2009.03.19"]
[EventType "swiss"]
[EventRounds "13"]
[EventCountry "CAN"]
[SourceTitle "EXT 2022"]
[Source "ChessBase"]
[SourceDate "2021.10.06"]
[SourceVersion "1"]
[SourceVersionDate "2021.10.06"]
[SourceQuality "1"]

1. e4 c5 2. Nc3 Nc6 3. g3 g6 4. Nge2 Bg7 5. d3 e6 6. Be3 Nge7 7. Qd2 Nd4 8. h4 Nf3+ 9. Kd1 Nxd2 10. Kxd2 d5 11. Bxc5 dxe4 12. Nxe4 O-O 13. c3 b6 14. Be3 Bb7 15. f3 f5 16. Ng5 Qd7 17. Nf4 Nd5 18. Nfxe6 Nxe3 19. Nxf8 Rxf8 20. Kxe3 Re8+ 21. Kd2 Bh6 22. Be2 Qe6 23. Rhe1 Qe3+ 24. Kd1 Bxg5 25. hxg5 Bxf3 26. Kc2 Bxe2 0-1

[Event "London CC-ch B"]
[Site "London CAN"]
[Date "2009.04.09"]
[Round "4"]
[White "Dandridge, Tony"]
[Black "Armstrong, Donnelle"]
[Result "0-1"]
[WhiteElo "1226"]
[BlackElo "1528"]
[PlyCount "92"]
[GameId "2160767910231449"]
[EventDate "2009.03.19"]
[EventType "swiss"]
[EventRounds "13"]
[EventCountry "CAN"]
[SourceTitle "EXT 2022"]
[Source "ChessBase"]
[SourceDate "2021.10.06"]
[SourceVersion "1"]
[SourceVersionDate "2021.10.06"]
[SourceQuality "1"]

1. e4 d5 2. d4 dxe4 3. c4 Nf6 4. Nc3 e6 5. a3 Be7 6. Bg5 Nbd7 7. g3 b6 8. Bg2 Bb7 9. Qc2 h6 10. Bxf6 Nxf6 11. Nxe4 Nxe4 12. Bxe4 Bxe4 13. Qxe4 O-O 14. Nf3 Qd7 15. O-O f5 16. Ne5 Qe8 17. Qe2 Rd8 18. Rad1 Bf6 19. b3 c6 20. a4 Rd6 21. b4 Qc8 22. c5 bxc5 23. bxc5 Rd5 24. h3 Rfd8 25. Qh5 Bxe5 26. dxe5 Rxe5 27. Rc1 Rdd5 28. Rfd1 Rxd1+ 29. Rxd1 Rxc5 30. Qh4 Rd5 31. Re1 Qd7 32. Kh2 Kf7 33. g4 Qd6+ 34. Kg2 Rd4 35. Qh5+ Kf6 36. Qh4+ Kf7 37. Qh5+ Kf8 38. gxf5 Qd5+ 39. Kh2 Qxf5 40. Qe2 Ke7 41. Qb2 Qf4+ 42. Kg2 Qg5+ 43. Kf1 Rxa4 44. Qb3 Qb5+ 45. Qxb5 cxb5 46. Ke2 Re4+ 0-1

[Event "London CC-ch B"]
[Site "London CAN"]
[Date "2009.04.09"]
[Round "4"]
[White "Fang, Tina"]
[Black "Ortiz, Hugo"]
[Result "1/2-1/2"]
[WhiteElo "1378"]
[BlackElo "1550"]
[PlyCount "94"]
[GameId "2160767910231451"]
[EventDate "2009.03.19"]
[EventType "swiss"]
[EventRounds "13"]
[EventCountry "CAN"]
[SourceTitle "EXT 2022"]
[Source "ChessBase"]
[SourceDate "2021.10.06"]
[SourceVersion "1"]
[SourceVersionDate "2021.10.06"]
[SourceQuality "1"]

1. d4 Nf6 2. c4 e6 3. Nf3 b6 4. e3 Bb7 5. Be2 d5 6. Nbd2 Bd6 7. O-O O-O 8. Qc2 Nbd7 9. a3 c5 10. Rb1 Qc7 11. b3 Rac8 12. Bb2 Rfe8 13. Bc3 h6 14. b4 cxd4 15. exd4 dxc4 16. Nxc4 Bf8 17. Nfe5 b5 18. Nxd7 Nxd7 19. Na5 Ba6 20. Rfc1 Bd6 21. g3 Nf6 22. a4 Qb6 23. Qd3 Rc7 24. Bd2 Nd5 25. axb5 Rxc1+ 26. Rxc1 Bb7 27. Nxb7 Qxb7 28. Qc4 Ne7 29. Qd3 Qb6 30. Be3 Bxb4 31. d5 Qb7 32. dxe6 fxe6 33. Qc4 Nd5 34. Bd4 Bf8 35. Ra1 Rc8 36. Qb3 Bc5 37. Bxc5 Rxc5 38. Ra6 Nc7 39. Bf3 Qxb5 40. Qxb5 Rxb5 41. Rxa7 Rb1+ 42. Kg2 Nd5 43. Rd7 Rb5 44. Bxd5 Rxd5 45. Rxd5 exd5 46. Kf3 Kf7 47. Ke3 Ke6 1/2-1/2

[Event "London CC-ch B"]
[Site "London CAN"]
[Date "2009.04.09"]
[Round "4"]
[White "Glew, Richard"]
[Black "Miettinen, Eric"]
[Result "1/2-1/2"]
[WhiteElo "1738"]
[BlackElo "1749"]
[PlyCount "96"]
[GameId "2160767910231453"]
[EventDate "2009.03.19"]
[EventType "swiss"]
[EventRounds "13"]
[EventCountry "CAN"]
[SourceTitle "EXT 2022"]
[Source "ChessBase"]
[SourceDate "2021.10.06"]
[SourceVersion "1"]
[SourceVersionDate "2021.10.06"]
[SourceQuality "1"]

1. e4 e6 2. d4 d5 3. exd5 exd5 4. Nf3 Nc6 5. c4 Bb4+ 6. Nc3 Nge7 7. a3 Bxc3+ 8. bxc3 Bg4 9. h3 Bh5 10. Bd3 dxc4 11. Bxc4 O-O 12. O-O Nd5 13. Bd2 Nce7 14. Rb1 b6 15. Re1 Qd6 16. Bd3 h6 17. Be4 Rad8 18. Bxd5 Nxd5 19. c4 Nf6 20. Bb4 c5 21. dxc5 Qf4 22. Qb3 a5 23. Bd2 Rxd2 24. Nxd2 Qxd2 25. Qxb6 Qd4 26. Qxa5 Ne4 27. Re3 Nxf2 28. Rbe1 Nd3 29. Qd2 Re8 30. Kh2 Rxe3 31. Qxe3 Qxc4 32. Qe8+ Kh7 33. Qe4+ Qxe4 34. Rxe4 Bg6 35. Rc4 Ne5 36. Rc3 Nc6 37. Kg3 Kg8 38. Kf4 Kf8 39. Re3 Bc2 40. Re2 g5+ 41. Ke3 Bb1 42. Rb2 Bf5 43. Rb6 Bd7 44. a4 Ke7 45. a5 Nxa5 46. Rxh6 f6 47. Ke4 Bc6+ 48. Kf5 Bd7+ 1/2-1/2

[Event "London CC-ch B"]
[Site "London CAN"]
[Date "2009.04.09"]
[Round "4"]
[White "Hong, Emilio"]
[Black "Killi, Steve"]
[Result "1-0"]
[WhiteElo "1486"]
[BlackElo "1238"]
[PlyCount "61"]
[GameId "2160767910231454"]
[EventDate "2009.03.19"]
[EventType "swiss"]
[EventRounds "13"]
[EventCountry "CAN"]
[SourceTitle "EXT 2022"]
[Source "ChessBase"]
[SourceDate "2021.10.06"]
[SourceVersion "1"]
[SourceVersionDate "2021.10.06"]
[SourceQuality "1"]

1. f4 b6 2. e4 Bb7 3. d3 e6 4. Nf3 d5 5. exd5 Qxd5 6. Nc3 Qd8 7. Be2 Be7 8. Be3 Nf6 9. Ne5 Nc6 10. Bf3 Nd5 11. Nxc6 Nxe3 12. Nxd8 Nxd1 13. Nxb7 Rc8 14. Bc6+ Kf8 15. Rxd1 h5 16. Rf1 Rh6 17. d4 Rg6 18. g3 e5 19. dxe5 Rxc6 20. Nd5 Rb8 21. Nxe7 Kxe7 22. c3 Rxb7 23. Rf3 Ke6 24. Rd2 Rc4 25. Re2 b5 26. f5+ Kd5 27. e6 Re4 28. exf7 Rxe2+ 29. Kxe2 Rb8 30. f6 Rf8 31. fxg7 1-0

[Event "London CC-ch B"]
[Site "London CAN"]
[Date "2009.04.09"]
[Round "4"]
[White "Mitchell, Joe"]
[Black "Zolotovski, Vassili"]
[Result "0-1"]
[WhiteElo "1406"]
[BlackElo "1337"]
[PlyCount "102"]
[GameId "2160767910231456"]
[EventDate "2009.03.19"]
[EventType "swiss"]
[EventRounds "13"]
[EventCountry "CAN"]
[SourceTitle "EXT 2022"]
[Source "ChessBase"]
[SourceDate "2021.10.06"]
[SourceVersion "1"]
[SourceVersionDate "2021.10.06"]
[SourceQuality "1"]

1. Nf3 e6 2. c4 Be7 3. g3 d6 4. Bg2 Nf6 5. O-O O-O 6. Nc3 c6 7. d3 Nbd7 8. Bd2 Re8 9. b4 Nf8 10. a4 Bd7 11. Qc2 Qc8 12. Rfc1 e5 13. Qd1 Bh3 14. Qf1 Bxg2 15. Qxg2 h6 16. b5 Bd8 17. a5 Bc7 18. e4 Qg4 19. Be3 Qd7 20. Na4 Bb8 21. b6 a6 22. c5 d5 23. Rd1 d4 24. Bd2 Qg4 25. Nb2 N8d7 26. Bb4 Nf8 27. Nc4 Re7 28. Nh4 g6 29. Qf3 Qxf3 30. Nxf3 N6d7 31. Nfd2 Ne6 32. Nb3 Kg7 33. Rf1 f6 34. f3 Rf7 35. h3 f5 36. g4 Nf4 37. h4 Nxd3 38. Bd2 N3xc5 39. Nxc5 Nxc5 40. gxf5 gxf5 41. Kh1 fxe4 42. Rg1+ Kh7 43. fxe4 Nxe4 44. Be1 Bd6 45. Rg4 Rf4 46. Rxf4 exf4 47. Rd1 c5 48. Nb2 f3 49. Nd3 Rf8 50. Rc1 f2 51. Bxf2 Nxf2+ 0-1

[Event "London CC-ch B"]
[Site "London CAN"]
[Date "2009.04.09"]
[Round "4"]
[White "Zhou, Young"]
[Black "Dutton, Don"]
[Result "1-0"]
[WhiteElo "1145"]
[BlackElo "852"]
[PlyCount "31"]
[GameId "2160767910231460"]
[EventDate "2009.03.19"]
[EventType "swiss"]
[EventRounds "13"]
[EventCountry "CAN"]
[SourceTitle "EXT 2022"]
[Source "ChessBase"]
[SourceDate "2021.10.06"]
[SourceVersion "1"]
[SourceVersionDate "2021.10.06"]
[SourceQuality "1"]

1. e4 e5 2. Qh5 Nf6 3. Qxe5+ Be7 4. Nc3 Nc6 5. Qg3 Nd4 6. Bd3 c5 7. b3 g6 8. Nb5 Nxb5 9. Bxb5 Nxe4 10. Qe5 Nf6 11. Nf3 a6 12. Bc4 d6 13. Qc3 O-O 14. Bb2 Bd7 15. b4 Nh5 16. Qh8# 1-0

[Event "London CC-ch B"]
[Site "London CAN"]
[Date "2009.04.16"]
[Round "5"]
[White "Merrick, Lee"]
[Black "Bennett MacDonald, Joshua"]
[Result "1-0"]
[WhiteElo "1492"]
[BlackElo "1128"]
[PlyCount "85"]
[GameId "2160767910231462"]
[EventDate "2009.03.19"]
[EventType "swiss"]
[EventRounds "13"]
[EventCountry "CAN"]
[SourceTitle "EXT 2022"]
[Source "ChessBase"]
[SourceDate "2021.10.06"]
[SourceVersion "1"]
[SourceVersionDate "2021.10.06"]
[SourceQuality "1"]

1. d4 Nf6 2. c4 g6 3. Nc3 Bg7 4. e4 d6 5. Nf3 e5 6. dxe5 dxe5 7. Qxd8+ Kxd8 8. Bg5 Be6 9. Nxe5 Ke7 10. Rd1 h6 11. Bxf6+ Bxf6 12. Nf3 a5 13. e5 Bg7 14. Nd5+ Bxd5 15. cxd5 Nd7 16. d6+ cxd6 17. exd6+ Kd8 18. Bb5 Bxb2 19. O-O Ba3 20. Bxd7 Kxd7 21. Ne5+ Ke6 22. Nc4 Bc5 23. Rfe1+ Kf6 24. Rd5 Rac8 25. Nxa5 Rhd8 26. Nxb7 Bb4 27. Red1 Rd7 28. Na5 Ra8 29. Nb3 Rxa2 30. Nc5 Bxc5 31. Rxc5 Ra6 32. Rcd5 Ke6 33. h4 f5 34. g3 Ra4 35. R5d2 f4 36. Re2+ Kf5 37. Kh2 Ra6 38. Red2 fxg3+ 39. fxg3 Ke6 40. Re2+ Kf5 41. Kh3 g5 42. h5 Raxd6 43. Rf1# 1-0

[Event "London CC-ch B"]
[Site "London CAN"]
[Date "2009.04.17"]
[Round "5"]
[White "Dutton, Don"]
[Black "Fox, Douglas"]
[Result "0-1"]
[WhiteElo "862"]
[BlackElo "1391"]
[PlyCount "76"]
[GameId "2160767910231465"]
[EventDate "2009.03.19"]
[EventType "swiss"]
[EventRounds "13"]
[EventCountry "CAN"]
[SourceTitle "EXT 2022"]
[Source "ChessBase"]
[SourceDate "2021.10.06"]
[SourceVersion "1"]
[SourceVersionDate "2021.10.06"]
[SourceQuality "1"]

1. e4 e5 2. Nf3 Nc6 3. Bd3 Nf6 4. O-O d5 5. Ng5 h6 6. Nf3 dxe4 7. Nxe5 Nxe5 8. Be2 Bc5 9. Nc3 O-O 10. b3 Qd6 11. Nb5 Bxf2+ 12. Rxf2 Qc5 13. h3 Rd8 14. Rb1 e3 15. Rf1 exd2+ 16. Kh2 Bxh3 17. Bxd2 Be6 18. b4 Qc6 19. Qe1 a6 20. Nc3 Qd6 21. Bf4 Neg4+ 22. Kh3 Qe7 23. a3 Ne3+ 24. Kh2 Nxf1+ 25. Bxf1 Ng4+ 26. Kg1 Qf6 27. Qg3 Qd4+ 28. Kh1 g5 29. Bxc7 Rdc8 30. Ba5 Rxc3 31. Qf3 Rxf3 32. gxf3 Nf2+ 33. Kg1 Bd5 34. Kg2 Bxf3+ 35. Kxf3 Qf4+ 36. Kg2 Ne4 37. Be2 Qg3+ 38. Kh1 Nf2# 0-1

[Event "London CC-ch B"]
[Site "London CAN"]
[Date "2009.04.23"]
[Round "6"]
[White "Bennett MacDonald, Joshua"]
[Black "Gibson, Brian"]
[Result "0-1"]
[WhiteElo "1128"]
[BlackElo "1012"]
[PlyCount "48"]
[GameId "2160767910231466"]
[EventDate "2009.03.19"]
[EventType "swiss"]
[EventRounds "13"]
[EventCountry "CAN"]
[SourceTitle "EXT 2022"]
[Source "ChessBase"]
[SourceDate "2021.10.06"]
[SourceVersion "1"]
[SourceVersionDate "2021.10.06"]
[SourceQuality "1"]

1. e4 e5 2. Nf3 Nf6 3. Nxe5 d6 4. Nf3 Be7 5. e5 dxe5 6. Nxe5 Be6 7. Bb5+ Bd7 8. Bxd7+ Nbxd7 9. Qe2 O-O 10. O-O Nxe5 11. Qxe5 Re8 12. Qg3 Bd6 13. f4 Qd7 14. d4 c5 15. dxc5 Bxc5+ 16. Kh1 Re2 17. f5 Rxc2 18. Bh6 g6 19. fxg6 hxg6 20. Re1 Re8 21. Rxe8+ Qxe8 22. Nc3 Rxb2 23. Re1 Qc6 24. Qe5 Qxg2# 0-1

[Event "London CC-ch B"]
[Site "London CAN"]
[Date "2009.04.23"]
[Round "6"]
[White "Fang, Tina"]
[Black "Merrick, Lee"]
[Result "1-0"]
[WhiteElo "1378"]
[BlackElo "1492"]
[PlyCount "124"]
[GameId "2160767910231469"]
[EventDate "2009.03.19"]
[EventType "swiss"]
[EventRounds "13"]
[EventCountry "CAN"]
[SourceTitle "EXT 2022"]
[Source "ChessBase"]
[SourceDate "2021.10.06"]
[SourceVersion "1"]
[SourceVersionDate "2021.10.06"]
[SourceQuality "1"]

1. d4 Nf6 2. c4 e6 3. Nf3 b6 4. Nc3 Bb7 5. e3 Be7 6. Be2 O-O 7. O-O Ne4 8. Qc2 Nxc3 9. Qxc3 d6 10. Rd1 Nd7 11. Qc2 f5 12. Nd2 Nf6 13. Bf3 Bxf3 14. Nxf3 Qe8 15. d5 exd5 16. cxd5 Qc8 17. Qc4 Ne4 18. Nd4 Bf6 19. Ne6 Rf7 20. f3 Nc5 21. Nf4 g6 22. Rb1 Qa6 23. Qxa6 Nxa6 24. e4 fxe4 25. fxe4 Nc5 26. Re1 Bd4+ 27. Kh1 Be5 28. g3 Bxf4 29. Bxf4 Nd3 30. Rf1 Re8 31. Rbd1 Nxf4 32. Rxf4 Rxf4 33. gxf4 Rxe4 34. Rc1 Rxf4 35. Rxc7 Rf7 36. Rc6 Rd7 37. Kg2 Kf7 38. Kg3 Kf6 39. Kf4 h5 40. h4 Kg7 41. a3 Kf6 42. b4 Kg7 43. a4 Kf6 44. a5 bxa5 45. bxa5 Kg7 46. Kg3 Kf6 47. Kf4 g5+ 48. hxg5+ Kg6 49. a6 Rf7+ 50. Kg3 Kxg5 51. Rxd6 h4+ 52. Kg2 Rf6 53. Rc6 Rf5 54. d6 Rd5 55. Rc7 Rxd6 56. Rxa7 Rd2+ 57. Kh3 Rd3+ 58. Kg2 h3+ 59. Kh2 Ra3 60. Ra8 Kf6 61. a7 Ke7 62. Rh8 Kd6 1-0